ბათუმის შოთა რუსთაველის სახელმწიფო უნივერსიტეტის ბიბლიოთეკა

სამშენებლო მანქანები ნაწ. 1 : (ბიბ.ჩანაწერი № 39027)

000 -ლიდერი
ფიქსირებული სიგრძის საკონტროლო ველი 00934nam a2200229Ia 4500
001 - საკონტროლო ნომერი
საკონტროლო ველი 5538
003 - საკონტროლო ნომრის იდენტიფიკატორი
საკონტროლო ველი GE_BSU
005 - ბოლო ოპერაციის თარიღი და დრო
საკონტროლო ველი 20190528213908.0
008 - ფიქსირებული სიგრძის მონაცემთა ელემენტები - ზოგადი ინფორმაცია
ფიქსირებული სიგრძის საკონტროლო ველი 181216s1981||||ge |||||||||||||| ||geo||
040 ## - კატალოგიზაციის წყარო
Transcribing agency GE_BSU
041 ## - ენის კოდი
Language code of text/sound track or separate title geo
080 ## - უნივერსალური ათობითი კლასიფიკაციის ინდექსი
Universal Decimal Classification number 693.002.5(072) ბ-73
100 ## - მთავარი ჩანაწერი - პიროვნების სახელი
Personal name ბიჭიაშვილი, ჯ.
9 (RLIN) 913
245 ## - ცნობა სათაურის შესახებ
Title სამშენებლო მანქანები ნაწ. 1 :
Remainder of title დამხმ. სახელმძღ. /
Statement of responsibility, etc ჯ. ბიჭიაშვილი ; რედ. ე. გიორგაძე.
264 ## - წარმოების, გამოცემის, დისტრიბუციის და სხვა ცნობები
გამოცემის, წარმოების, დისტრიბუციის... ადგილი თბილისი :
გამოცემის, წარმოების, დისტრიბუციის... სახელწოდება სპი,
გამოცემის, წარმოების, დისტრიბუციის... თარიღი 1981.
300 ## - ფიზიკური აღწერა
Extent 130 გვ. :
Other physical details ილ.;
Dimensions 20 სმ.
300 ## - ფიზიკური აღწერა
Accompanying material ბიბლიოგრ.: გვ.128.
504 ## - BIBLIOGRAPHY, ETC. NOTE
Bibliography, etc ბიბლიოგრ. : გვ.128.
653 ## - INDEX TERM--UNCONTROLLED
Uncontrolled term სამშენებლო მანქანები
700 ## - ADDED ENTRY--PERSONAL NAME
Personal name გიორგაძე, ე.
Relator term რედაქტორი
9 (RLIN) 398
942 ## - ADDED ENTRY ELEMENTS (KOHA)
Koha item type წიგნი
Source of classification or shelving scheme
ეგზემპლარები
ჩამოწერის სტატუსი დაკარგული ეგზემპლარის სტატუსი კლასიფიკაციის წყარო ან თაროზე გაწყობის სქემა დაზიანების სტატუსი არ გაიცემა მუდმივი მდებარეობა (დაცვის ადგილი) ამჟამინდელი ადგილსამყოფელი თაროზე განთავსების ადგილი შეძენის თარიღი ღირებულება, შესყიდვის ნორმალური ფასი სრული შენახვის შიფრი შტრიხკოდი ბოლო ოპერაციის თარიღი ეგზემპლარის მიმდევრობითი ნომერი (კეტერი?) ფასის ძალაში შესვლის თარიღი ეგზემპლარის სახეობა საჯარო შენიშვნა
          ტექნოლოგიური ფაკულტეტის ბიბლიოთეკა ტექნოლოგიური ფაკულტეტის ბიბლიოთეკა წიგნსაცავი 2018-12-17 0.50 693.002.5(072) ბ-73 12013 2018-12-17 12013 2018-12-17 წიგნი 0.50 ლ.
          ტექნოლოგიური ფაკულტეტის ბიბლიოთეკა ტექნოლოგიური ფაკულტეტის ბიბლიოთეკა წიგნსაცავი 2018-12-17 0.50 693.002.5(072) ბ-73 12014 2018-12-17 12014 2018-12-17 წიგნი 0.50 ლ.
          ტექნოლოგიური ფაკულტეტის ბიბლიოთეკა ტექნოლოგიური ფაკულტეტის ბიბლიოთეკა წიგნსაცავი 2018-12-17 0.50 693.002.5(072) ბ-73 12015 2018-12-17 12015 2018-12-17 წიგნი 0.50 ლ.